Impuestos internos Automotores y motores gasoleros. Vehículos automóviles y motores, embarcaciones de recreo o deporte y aeronaves (Registro nro. 14906)

Detalles MARC
000 -LEADER
fixed length control field 00409 a2200109 4500
001 - CONTROL NUMBER
control field ART_18203
005 - DATE AND TIME OF LATEST TRANSACTION
control field 20260410161658.0
008 - FIXED-LENGTH DATA ELEMENTS--GENERAL INFORMATION
fixed length control field 260409a
100 1# - MAIN ENTRY--PERSONAL NAME
Personal name Baldo, Alberto
245 10 - TITLE STATEMENT
Title Impuestos internos Automotores y motores gasoleros. Vehículos automóviles y motores, embarcaciones de recreo o deporte y aeronaves
773 0# - HOST ITEM ENTRY
Title Práctica profesional
Related parts - Nº 169 (jul. 2012)
Record control number REV542

No hay ítems disponibles.